House price index for July (Record no. 117991)
[ view plain ]
| 000 -LEADER | |
|---|---|
| fixed length control field | 01118cam a2200217 4500 |
| 001 - CONTROL NUMBER | |
| control field | WB@3612-457 |
| 008 - FIXED-LENGTH DATA ELEMENTS--GENERAL INFORMATION | |
| fixed length control field | 040914n2004 000 0 eng u |
| 035 ## - SYSTEM CONTROL NUMBER | |
| System control number | (Sirsi) u127391 |
| 245 ## - TITLE STATEMENT | |
| Title | House price index for July |
| 260 ## - PUBLICATION, DISTRIBUTION, ETC. | |
| Date of publication, distribution, etc. | 2004 |
| 490 ## - SERIES STATEMENT | |
| Series statement | ODPM Statistical Release |
| Volume/sequential designation | (2004/0215) 13 September 2004 |
| 520 ## - SUMMARY, ETC. | |
| Summary, etc. | The latest statistical report from the ODPM, "House price index July 2004", shows that the mix-adjusted average house price in the UK in July 2004 stood at £177 474. Annual house price inflation was 14.3% up from 13.9% in June 2004, in London inflation was 8.4%. For first-time buyers this rate fell to 17.6% in July, due to an increase of 2.6% in prices between June and July. They were also paying on average £143 270 for a property, however there were fewer first-time buyers entering the market. http://www.odpm.gov.uk/pns/DisplayPN.cgi?pn_id=200 4_0215 |
| 590 ## - LOCAL NOTE (RLIN) | |
| Local note | WB |
| 590 ## - LOCAL NOTE (RLIN) | |
| Local note | WB |
| 650 ## - SUBJECT ADDED ENTRY--TOPICAL TERM | |
| Topical term or geographic name entry element | HOUSE PRICE INDEX |
| 650 ## - SUBJECT ADDED ENTRY--TOPICAL TERM | |
| Topical term or geographic name entry element | HOUSE PRICE INFLATION |
| 650 ## - SUBJECT ADDED ENTRY--TOPICAL TERM | |
| Topical term or geographic name entry element | HOUSE PRICE SURVEYS |
| 650 ## - SUBJECT ADDED ENTRY--TOPICAL TERM | |
| Topical term or geographic name entry element | HOUSING MARKET SURVEYS |
| 690 ## - LOCAL SUBJECT ADDED ENTRY--TOPICAL TERM (OCLC, RLIN) | |
| Topical term or geographic name as entry element | HOUSING-HOUSE PRICES |
| 942 ## - ADDED ENTRY ELEMENTS (KOHA) | |
| Suppress in OPAC | 0 |
| Withdrawn status | Lost status | Source of classification or shelving scheme | Damaged status | Not for loan | Home library | Current library | Shelving location | Date acquired | Total Checkouts | Full call number | Barcode | Date last seen | Copy number | Price effective from | Koha item type |
|---|---|---|---|---|---|---|---|---|---|---|---|---|---|---|---|
| Dewey Decimal Classification | London | London | News article | 14/09/2004 | WB4035-09 | 127391-1001 | 06/08/2019 | 1 | 06/08/2019 | News article |